000 00314nam a22001457a 4500
003 SGT
020 _a9789390394500
082 _a005,MEH
100 _aMEHRA,RITIKA
245 _aDATA STRUCTURES USING C
260 _aINDIA
_bPEARSON
_c2022
300 _a10.21
650 _aCOMPUTER SCIENCE
942 _2ddc
_cBK
_034
999 _c24974
_d24974